[Event "DVM U20w 2013"]
[Site "Osnabrück GER"]
[Date "2013.12.27"]
[Round "2"]
[White "Endress, Anna"]
[Black "Manusina, Nicole"]
[Result "1-0"]
[Termination "normal"]
[Board "1.1"]
[WhiteElo "2138"]
[BlackElo "1827"]
[WhiteTeam "TSV Schott Mainz"]
[BlackTeam "SK Lehrte"]
[WhiteFideId "24629472"]
[BlackFideId "24657514"]
[EventCountry "GER"]
[EventRounds "7"]
[EventType "team-swiss"]
[EventDate "2013.12.26"]

1. e4 c6 2. d4 d5 3. Nc3 dxe4 4. Nxe4 Bf5 5. Ng3 Bg6 6. h4 h6 7. Nf3 Nd7 8. h5
Bh7 9. Bd3 Bxd3 10. Qxd3 e6 11. Bf4 Qa5+ 12. Bd2 Qc7 13. O-O-O Ngf6 14. Ne4
O-O-O 15. Kb1 Nxe4 16. Qxe4 Nf6 17. Qe2 Bd6 18. g3 Rhe8 19. c4 c5 20. Bc3 Qe7
21. Ba5 Bc7 22. Bc3 Bd6 23. Ne5 Kb8 24. f4 cxd4 25. Bxd4 Nd7 26. Nxd7+ Rxd7 27.
Qe3 b6 28. Rd3 f6 29. Bxb6 axb6 30. Qxb6+ Kc8 31. Qa6+ Kb8 32. Rxd6 Ra7 33.
Rb6+ Ka8 34. Qb5 Rc8 35. Rd1 Qe8 36. Qxe8 Rxe8 37. Re1 Rae7 38. Re3 e5 39. fxe5
fxe5 40. Kc2 Ka7 41. c5 Ka8 42. Ra3+ Ra7 43. Rxa7+ Kxa7 44. Rg6 Re7 45. Kd3 Ka8
46. Ke4 Rc7 47. b4 Ra7 48. b5 1-0

[Event "DVM U20w 2013"]
[Site "Osnabrück GER"]
[Date "2013.12.27"]
[Round "2"]
[White "Böhm, Jana"]
[Black "Schmalhorst, Sophia"]
[Result "1/2-1/2"]
[Termination "normal"]
[Board "1.2"]
[WhiteElo "1705"]
[BlackElo "1926"]
[WhiteTeam "SK Lehrte"]
[BlackTeam "TSV Schott Mainz"]
[WhiteFideId "24661589"]
[BlackFideId "24682497"]
[EventCountry "GER"]
[EventRounds "7"]
[EventType "team-swiss"]
[EventDate "2013.12.26"]

1. e4 e5 2. Nf3 Nc6 3. Bb5 Nge7 4. c3 g6 5. d4 exd4 6. cxd4 d5 7. exd5 Qxd5 8.
Nc3 Qe6+ 9. Be3 Nd5 10. Qe2 Bb4 11. Rc1 O-O 12. O-O Nce7 13. Ng5 Qb6 14. Na4
Qf6 15. Ne4 Qg7 16. a3 Ba5 17. b4 Bb6 18. Qd2 Nf5 19. Nac5 c6 20. Bc4 Re8 21.
Bxd5 cxd5 22. Nc3 Be6 23. Nxb7 Nxd4 24. Bxd4 Bxd4 25. Nb5 Bb6 26. Nc7 Bxc7 27.
Rxc7 Rec8 28. Rc5 Rab8 29. Rxc8+ Rxc8 30. Nc5 Qf6 31. Rd1 Bg4 32. f3 Be6 33.
Qd4 Qxd4+ 34. Rxd4 Kg7 35. Kf2 Kf6 36. f4 Rd8 37. Kf3 Bf5 38. g4 1/2-1/2

[Event "DVM U20w 2013"]
[Site "Osnabrück GER"]
[Date "2013.12.27"]
[Round "2"]
[White "Schwarz, Larissa"]
[Black "Schulze, Lara"]
[Result "1-0"]
[Termination "normal"]
[Board "1.3"]
[WhiteElo "1900"]
[BlackElo "1759"]
[WhiteTeam "TSV Schott Mainz"]
[BlackTeam "SK Lehrte"]
[WhiteFideId "24699004"]
[BlackFideId "12956830"]
[EventCountry "GER"]
[EventRounds "7"]
[EventType "team-swiss"]
[EventDate "2013.12.26"]

1. e4 c5 2. Nf3 Nc6 3. d4 cxd4 4. Nxd4 g6 5. Nc3 Bg7 6. Be3 Nf6 7. Bc4 O-O 8.
Qd2 Ng4 9. Nxc6 bxc6 10. Bd4 Bxd4 11. Qxd4 Qb6 12. Qxb6 axb6 13. h3 Ne5 14. Bb3
Ba6 15. Rd1 Rfd8 16. Na4 b5 17. Nc5 d6 18. Nxa6 Rxa6 19. O-O Nc4 20. Bxc4 bxc4
21. Rd4 Rxa2 22. Rxc4 Rxb2 23. Rxc6 Ra8 24. Rc7 Kf8 25. Rc1 Ke8 26. Rc4 Kd7 27.
Kf1 Ra7 28. Ke2 Ra3 29. Rd1 Raa2 30. Rd2 Ra5 31. Rd3 Raa2 32. Kd2 Rb1 33. e5
Raa1 34. exd6 Rd1+ 35. Ke3 Rxd3+ 36. Kxd3 Rd1+ 37. Ke3 Rxd6 38. Rd4 Rxd4 39.
Kxd4 Kd6 40. f4 h5 41. g3 f6 42. g4 hxg4 43. hxg4 Kc6 44. c4 Kd6 45. c5+ Kc6
46. f5 g5 47. Kc4 Kc7 48. Kd5 Kd7 49. c6+ Kd8 50. Ke6 1-0

[Event "DVM U20w 2013"]
[Site "Osnabrück GER"]
[Date "2013.12.27"]
[Round "2"]
[White "Dannenberg, Nicole"]
[Black "Brandl, Lea Maria"]
[Result "0-1"]
[Termination "normal"]
[Board "1.4"]
[WhiteElo "1161"]
[BlackElo "1741"]
[WhiteTeam "SK Lehrte"]
[BlackTeam "TSV Schott Mainz"]
[WhiteFideId "1270508"]
[BlackFideId "24693049"]
[EventCountry "GER"]
[EventRounds "7"]
[EventType "team-swiss"]
[EventDate "2013.12.26"]

1. c4 e6 2. Nc3 d5 3. cxd5 exd5 4. d4 Nf6 5. Nf3 c6 6. Bf4 Be7 7. e3 Bg4 8. Be2
O-O 9. O-O Nbd7 10. a3 Nh5 11. Be5 f6 12. Bg3 Nxg3 13. fxg3 f5 14. Ne1 Nf6 15.
h3 Bxe2 16. Nxe2 Ne4 17. Nf3 Qc7 18. Kh2 Bd6 19. Qe1 Rae8 20. Nd2 Rf6 21. Nxe4
Rxe4 22. Rf3 Re8 23. Nf4 Qf7 24. Qf2 Re4 25. Rf1 a6 26. b4 a5 27. bxa5 Bxa3 28.
Qa2 Bd6 29. a6 bxa6 30. Qxa6 Bxf4 31. gxf4 c5 32. Qa8+ Re8 33. Qa5 c4 34. Qd2
Ree6 35. Re1 Qb7 36. Rc1 Qe7 37. Re1 Qa3 38. Re2 Qb3 39. Qc1 Qa4 40. Rc2 Qd7
41. Rc3 Rb6 42. Qc2 Rb8 43. Rf2 Qe6 44. Ra3 Rb3 45. Qc1 Rb1 46. Qd2 h5 47. g3
Qe4 48. Rg2 g6 49. g4 hxg4 50. hxg4 fxg4 51. Rxg4 Qh1+ 52. Kg3 Rg1+ 53. Kf2
Rxg4 0-1

[Event "DVM U20w 2013"]
[Site "Osnabrück GER"]
[Date "2013.12.27"]
[Round "2"]
[White "Nguyen Minh, Thuy"]
[Black "Stoll, Katja"]
[Result "1-0"]
[Termination "normal"]
[Board "2.1"]
[WhiteElo "1975"]
[BlackElo "1855"]
[WhiteTeam "Chemnitzer SC Aufbau`95 1"]
[BlackTeam "SC Bechhofen 1923 e.V."]
[WhiteFideId "24672688"]
[BlackFideId "1271730"]
[EventCountry "GER"]
[EventRounds "7"]
[EventType "team-swiss"]
[EventDate "2013.12.26"]

1. e4 e5 2. Bc4 Nf6 3. d3 Bc5 4. Nf3 Nc6 5. c3 O-O 6. O-O a6 7. Bb3 Re8 8. Nbd2
d5 9. exd5 Nxd5 10. Ne4 Be7 11. Ng3 Nf6 12. Ng5 Rf8 13. f4 Bg4 14. Qc2 exf4 15.
Bxf4 h6 16. N5e4 Nxe4 17. Nxe4 Na5 18. d4 c6 19. Rae1 Bh4 20. g3 Be7 21. Nf2
Bc8 22. Qe4 Bd6 23. Bc2 f5 24. Qf3 Nc4 25. Bb3 b5 26. Qxc6 1-0

[Event "DVM U20w 2013"]
[Site "Osnabrück GER"]
[Date "2013.12.27"]
[Round "2"]
[White "Schäfer, Ann-Kathrin"]
[Black "Nobis, Anna"]
[Result "0-1"]
[Termination "normal"]
[Board "2.2"]
[WhiteElo "1710"]
[BlackElo "1786"]
[WhiteTeam "SC Bechhofen 1923 e.V."]
[BlackTeam "Chemnitzer SC Aufbau`95 1"]
[WhiteFideId "24615412"]
[BlackFideId "1270302"]
[EventCountry "GER"]
[EventRounds "7"]
[EventType "team-swiss"]
[EventDate "2013.12.26"]

1. e4 c5 2. d4 cxd4 3. c3 d5 4. exd5 Qxd5 5. Qxd4 Qxd4 6. cxd4 Nf6 7. Nc3 e6 8.
Bc4 Bb4 9. Bd2 O-O 10. Nf3 Rd8 11. O-O b6 12. Rfd1 Bb7 13. Be2 Nc6 14. Bg5 Be7
15. Rd2 Nb4 16. Rad1 Nbd5 17. Ne5 Nd7 18. Bxe7 Nxe7 19. Bf3 Bxf3 20. Nxf3 Nf6
21. Ne5 Ned5 22. a3 Rac8 23. Rd3 a6 24. Nxd5 Nxd5 25. Rf3 f6 26. Ng4 Ne7 27. g3
Rc6 28. Rfd3 Rcd6 29. Ne3 Nc6 30. Nc2 Rd5 31. f4 e5 32. fxe5 fxe5 33. Rb3 b5
34. Rbd3 Nxd4 35. Nxd4 Rxd4 36. Rxd4 exd4 37. Kf2 Kf7 38. Kf3 Kf6 39. Ke4 Re8+
40. Kf3 Re3+ 41. Kf4 g5+ 42. Kg4 Re4+ 43. Kf3 Ke5 44. Rc1 g4+ 45. Kf2 d3 46.
Rc8 Re2+ 47. Kf1 Rc2 48. Re8+ Kd4 49. Ke1 Rxb2 0-1

[Event "DVM U20w 2013"]
[Site "Osnabrück GER"]
[Date "2013.12.27"]
[Round "2"]
[White "Kempe, Anne"]
[Black "Alsheimer, Lea"]
[Result "1-0"]
[Termination "normal"]
[Board "2.3"]
[WhiteElo "1791"]
[BlackElo "1406"]
[WhiteTeam "Chemnitzer SC Aufbau`95 1"]
[BlackTeam "SC Bechhofen 1923 e.V."]
[WhiteFideId "12918083"]
[BlackFideId "12918180"]
[EventCountry "GER"]
[EventRounds "7"]
[EventType "team-swiss"]
[EventDate "2013.12.26"]

1. e4 d5 2. exd5 Qxd5 3. Nc3 Qd8 4. d4 c6 5. Bf4 Nf6 6. h3 h6 7. Nf3 Bf5 8. Bc4
e6 9. O-O Be7 10. Re1 O-O 11. a3 Nbd7 12. Bb3 Re8 13. Ne2 b5 14. Ng3 Bh7 15.
Ne5 Nxe5 16. Bxe5 Rc8 17. c4 bxc4 18. Bxc4 Qb6 19. b4 a5 20. bxa5 Qxa5 21. Re3
Red8 22. Nh5 Nxh5 23. Qxh5 Rxd4 24. Qe2 Rdd8 25. Qg4 Bg6 26. Bxe6 fxe6 27. Qxg6
Bf8 28. Qxe6+ Kh7 29. Rg3 Qa7 30. Qg6+ Kg8 31. Qxh6 1-0

[Event "DVM U20w 2013"]
[Site "Osnabrück GER"]
[Date "2013.12.27"]
[Round "2"]
[White "Böse, Christina"]
[Black "Kaden, Romy"]
[Result "0-1"]
[Termination "normal"]
[Board "2.4"]
[WhiteElo "1311"]
[BlackElo "1807"]
[WhiteTeam "SC Bechhofen 1923 e.V."]
[BlackTeam "Chemnitzer SC Aufbau`95 1"]
[WhiteFideId "12929654"]
[BlackFideId "12931616"]
[EventCountry "GER"]
[EventRounds "7"]
[EventType "team-swiss"]
[EventDate "2013.12.26"]

1. e4 c5 2. d3 d6 3. g3 g6 4. Bg2 Bg7 5. Nc3 e6 6. Be3 Nc6 7. Nf3 Nd4 8. O-O
Ne7 9. Ne2 Nxf3+ 10. Bxf3 Bxb2 11. Rb1 Bg7 12. Qd2 O-O 13. Bh6 Nc6 14. Bxg7
Kxg7 15. h4 Qf6 16. Kg2 Ne5 17. Qe3 b6 18. Nf4 Nxf3 19. Qxf3 e5 20. Nd5 Bh3+
0-1

[Event "DVM U20w 2013"]
[Site "Osnabrück GER"]
[Date "2013.12.27"]
[Round "2"]
[White "Polert, Annika"]
[Black "Krtschil, Anna"]
[Result "1-0"]
[Termination "normal"]
[Board "3.1"]
[WhiteElo "1834"]
[BlackElo "1445"]
[WhiteTeam "TuRa Harksheide von 1945 Norderstedt e. V."]
[BlackTeam "SG Burgtonna"]
[WhiteFideId "24692328"]
[BlackFideId "4611144"]
[EventCountry "GER"]
[EventRounds "7"]
[EventType "team-swiss"]
[EventDate "2013.12.26"]

1. c4 c5 2. Nc3 Nc6 3. g3 g6 4. Bg2 Bg7 5. Nf3 Nf6 6. d3 O-O 7. Bd2 a6 8. Qc1
d6 9. Bh6 Bd7 10. h4 Ng4 11. Bxg7 Kxg7 12. h5 Rb8 13. Bh3 Rh8 14. h6+ Kf8 15.
Ng5 Nf6 16. Bg2 b5 17. cxb5 axb5 18. Qf4 Nd4 19. Kf1 Ne6 20. Nxe6+ Bxe6 21. Ne4
Nxe4 22. Bxe4 b4 23. Kg2 Qd7 24. Bf3 f6 25. d4 Rd8 26. d5 Bf7 27. a3 Qb7 28.
Qc4 Be8 29. a4 Ra8 30. b3 Bd7 31. Be4 Kf7 32. f4 Rhg8 33. Qc2 Qa6 34. Bd3 Qb7
35. e4 Qc8 36. Bc4 Rd8 37. Rae1 Qb7 38. Qb2 Bc8 39. e5 Ra7 40. e6+ Kg8 41. g4
Rf8 42. g5 Qc7 43. Bd3 Qd8 44. Re3 Qe8 45. Rg3 Bb7 46. Be4 Ra8 47. Rhh3 Rc8 48.
f5 Kh8 49. fxg6 hxg6 50. gxf6 Rxf6 51. Rxg6 Qf8 52. Rf3 c4 53. Rfxf6 exf6 54.
Rxf6 Qg8+ 55. Rg6+ c3 56. Qf2 Qf8 57. Qd4+ 1-0

[Event "DVM U20w 2013"]
[Site "Osnabrück GER"]
[Date "2013.12.27"]
[Round "2"]
[White "Rosmait, Emily"]
[Black "Winterberg, Johanna"]
[Result "1-0"]
[Termination "normal"]
[Board "3.3"]
[WhiteElo "1715"]
[BlackElo "1365"]
[WhiteTeam "TuRa Harksheide von 1945 Norderstedt e. V."]
[BlackTeam "SG Burgtonna"]
[WhiteFideId "12937754"]
[BlackFideId "12929344"]
[EventCountry "GER"]
[EventRounds "7"]
[EventType "team-swiss"]
[EventDate "2013.12.26"]

1. e4 c5 2. Nf3 Nc6 3. Bb5 Nf6 4. d3 g5 5. O-O Bg7 6. Re1 O-O 7. Nbd2 d6 8.
Bxc6 bxc6 9. Nc4 Ng4 10. h3 Ne5 11. Nfxe5 Bxe5 12. Nxe5 dxe5 13. Be3 Qd6 14.
Qd2 Rd8 15. Qa5 Rb8 16. Bxc5 Qd7 17. b3 Rb5 18. Qxa7 Qxa7 19. Bxa7 c5 20. a4
Rb7 21. Bxc5 Rdd7 22. a5 1-0

[Event "DVM U20w 2013"]
[Site "Osnabrück GER"]
[Date "2013.12.27"]
[Round "2"]
[White "Schirrmeister, Laura"]
[Black "Schramm, Anna-Lena"]
[Result "0-1"]
[Termination "normal"]
[Board "3.4"]
[WhiteElo "992"]
[BlackElo "1434"]
[WhiteTeam "SG Burgtonna"]
[BlackTeam "TuRa Harksheide von 1945 Norderstedt e. V."]
[WhiteFideId "24694967"]
[BlackFideId "12918237"]
[EventCountry "GER"]
[EventRounds "7"]
[EventType "team-swiss"]
[EventDate "2013.12.26"]

1. e4 e5 2. Nf3 Nc6 3. Bc4 Bc5 4. c3 Nf6 5. d3 O-O 6. b4 Be7 7. O-O d6 8. Qb3
h6 9. Nbd2 a5 10. a4 axb4 11. cxb4 d5 12. exd5 Nxb4 13. Nxe5 Nfxd5 14. Ba3 c5
15. Bxb4 Nxb4 16. Bxf7+ Kh8 17. Ng6+ Kh7 18. Nxf8+ Bxf8 19. Bc4 Bd6 20. Nf3 Bg4
21. d4 cxd4 22. Qb1+ Kh8 23. Nxd4 Qh4 24. g3 Qf6 25. Qe4 Bh3 26. Rfe1 Rf8 27.
Re2 Bc5 28. Qf3 Qxd4 0-1

[Event "DVM U20w 2013"]
[Site "Osnabrück GER"]
[Date "2013.12.27"]
[Round "2"]
[White "Hartewig, Anja"]
[Black "Kühnel, Lena"]
[Result "0-1"]
[Termination "normal"]
[Board "4.1"]
[WhiteElo "1819"]
[BlackElo "1934"]
[WhiteTeam "Chemnitzer SC Aufbau`95 2"]
[BlackTeam "Dortmunder Schachverein 1875"]
[WhiteFideId "12917966"]
[BlackFideId "24640956"]
[EventCountry "GER"]
[EventRounds "7"]
[EventType "team-swiss"]
[EventDate "2013.12.26"]

1. d4 d5 2. c4 c6 3. Nf3 Nf6 4. g3 e6 5. Bg2 Nbd7 6. O-O Bd6 7. Nbd2 O-O 8. b3
b6 9. Bb2 Bb7 10. Re1 Rc8 11. e4 dxe4 12. Nxe4 Nxe4 13. Rxe4 c5 14. Re2 Qc7 15.
Rd2 Rfd8 16. Qc2 Be7 17. Re1 cxd4 18. Bxd4 Bb4 19. Bc3 Bxc3 20. Qxc3 Nc5 21.
Red1 Ne4 22. Rxd8+ Rxd8 23. Rxd8+ Qxd8 24. Qd4 Qxd4 25. Nxd4 Kf8 26. Nb5 a5 27.
f3 Nc5 28. Kf2 Ke7 29. Ke3 e5 30. Nc3 Ke6 31. Bh1 f5 32. Bg2 Bc6 33. Bh1 g5 34.
Bg2 f4+ 35. Ke2 Kd6 36. Kf2 Ne6 37. Ne2 Nc5 38. Bh3 0-1

[Event "DVM U20w 2013"]
[Site "Osnabrück GER"]
[Date "2013.12.27"]
[Round "2"]
[White "Pührer, Anne"]
[Black "Hoffmann, Hanna Dorina"]
[Result "0-1"]
[Termination "normal"]
[Board "4.3"]
[WhiteElo "1724"]
[BlackElo "1594"]
[WhiteTeam "Chemnitzer SC Aufbau`95 2"]
[BlackTeam "Dortmunder Schachverein 1875"]
[WhiteFideId "24692247"]
[BlackFideId "12909858"]
[EventCountry "GER"]
[EventRounds "7"]
[EventType "team-swiss"]
[EventDate "2013.12.26"]

1. e4 e5 2. Nf3 Nc6 3. d4 exd4 4. Nxd4 Bc5 5. Be3 Qf6 6. c3 Nge7 7. Be2 Bb6 8.
O-O Qg6 9. Nd2 d6 10. Bh5 Qf6 11. Nc4 Bxd4 12. cxd4 O-O 13. f4 d5 14. e5 Qe6
15. Na3 Nf5 16. Bf2 Nh6 17. Nb5 Qd7 18. Bf3 Nxe5 19. dxe5 Qxb5 20. Bxd5 Bg4 21.
Qb3 Qxb3 22. axb3 c6 23. Bc4 a6 24. h3 Be6 25. Rad1 Nf5 26. g4 Ne7 27. Bc5 Rfe8
28. Bxe6 fxe6 29. Rd7 Nd5 30. Rxb7 Rab8 31. Rxb8 Rxb8 32. Rf3 Rb7 33. f5 Rf7
34. Kg2 exf5 35. gxf5 g6 36. fxg6 hxg6 37. Rg3 Kh7 38. e6 Nf4+ 39. Kh2 Nxe6 40.
Rc3 Nxc5 41. Rxc5 Rf2+ 42. Kg3 Rxb2 43. Rxc6 Rxb3+ 44. Kg4 a5 45. Ra6 Rb5 46.
h4 Kh6 47. Ra7 Rb4+ 48. Kg3 Ra4 49. Ra8 Kg7 50. Kf3 Kf6 51. Ke3 Rxh4 52. Rxa5
Kg7 53. Ra6 Kh6 54. Kf3 Rd4 55. Ke3 Rd8 56. Kf4 Kh5 57. Ra5+ Kh4 58. Ra4 g5+
59. Kf3+ Kh3 60. Ra7 Rf8+ 61. Ke2 Kg4 62. Ra4+ Kg3 63. Ra3+ Kg2 64. Ra4 Rf4 65.
Ra2 Rf2+ 66. Ke3 0-1

[Event "DVM U20w 2013"]
[Site "Osnabrück GER"]
[Date "2013.12.27"]
[Round "2"]
[White "Finke, Lara"]
[Black "Fischer, Franziska"]
[Result "0-1"]
[Termination "normal"]
[Board "4.4"]
[WhiteElo "1664"]
[BlackElo "1530"]
[WhiteTeam "Dortmunder Schachverein 1875"]
[BlackTeam "Chemnitzer SC Aufbau`95 2"]
[WhiteFideId "12909874"]
[BlackFideId "12924199"]
[EventCountry "GER"]
[EventRounds "7"]
[EventType "team-swiss"]
[EventDate "2013.12.26"]

1. e4 c6 2. d4 d5 3. Nc3 dxe4 4. Nxe4 Bf5 5. Ng3 Bg6 6. Nf3 Nf6 7. Be2 e6 8.
O-O Bd6 9. c3 O-O 10. Re1 Nbd7 11. Bd3 Bxd3 12. Qxd3 h6 13. Bd2 Qb6 14. b3 Rad8
15. Rac1 c5 16. Be3 Ng4 17. Rcd1 cxd4 18. Bxd4 Bc5 19. Bxc5 Nxc5 20. Qc2 Nd7
21. Re4 Ndf6 22. Red4 e5 23. R4d2 h5 24. h3 h4 25. Nf5 e4 26. Rxd8 Rxd8 27.
Rxd8+ Qxd8 28. N3xh4 Ne5 29. Nd4 g6 30. g3 Qd7 31. Kh2 Qd5 32. Qc1 Nd3 33. Qe3
Qa5 34. Qd2 Nd5 35. Ne2 Qc5 36. Nd4 Nxc3 37. Qe3 Qd5 38. Ne2 Nxa2 39. Qxa7 Qxb3
40. Qe3 Qd5 41. Ng2 Ne5 42. Ngf4 Nf3+ 43. Kg2 Qe5 44. Qb3 Ne1+ 45. Kh2 Qa1 46.
Qxb7 Nf3+ 47. Kg2 Nd2 48. g4 Qf1+ 49. Kg3 g5 50. Qa8+ Kh7 51. Qxa2 gxf4+ 52.
Nxf4 Qg1+ 53. Ng2 Nf1+ 54. Kf4 Qh2+ 55. Kf5 Kg7 56. Qb2+ Kg8 57. Qb8+ Qxb8 0-1

[Event "DVM U20w 2013"]
[Site "Osnabrück GER"]
[Date "2013.12.27"]
[Round "2"]
[White "Bork, Sophie"]
[Black "Schäfer, Annabelle"]
[Result "0-1"]
[Termination "normal"]
[Board "5.1"]
[WhiteElo "1542"]
[BlackElo "1948"]
[WhiteTeam "Schachverein Welper 1922 e.V."]
[BlackTeam "BSV 63 Chemie Weißensee"]
[WhiteFideId "12905429"]
[BlackFideId "12917729"]
[EventCountry "GER"]
[EventRounds "7"]
[EventType "team-swiss"]
[EventDate "2013.12.26"]

1. e4 e5 2. Nf3 Nc6 3. Bc4 Bc5 4. c3 Nf6 5. d3 O-O 6. Bg5 h6 7. Bh4 a6 8. Bb3
b5 9. h3 Be7 10. Nbd2 d6 11. Nf1 Na5 12. Bc2 c5 13. Ne3 Ra7 14. Bxf6 Bxf6 15.
Nd5 Be6 16. b3 Bxd5 17. exd5 e4 18. Nd2 Bxc3 19. Rc1 e3 20. fxe3 Qg5 21. Qe2
Re7 22. e4 Qg3+ 23. Kd1 f5 24. Rf1 fxe4 25. Rxf8+ Kxf8 26. Nxe4 Qh2 27. Bb1 Bd4
28. Kc2 Qe5 29. Rf1+ Rf7 30. Rxf7+ Kxf7 31. Qf3+ Ke7 32. Qe2 Nb7 33. Ng3 Qxe2+
34. Nxe2 Be5 35. Kd2 Nd8 36. Ke3 Nf7 37. d4 Bf6 38. dxc5 dxc5 39. Nf4 Kd6 40.
Be4 Bd4+ 41. Kd3 Ng5 42. h4 Nf7 43. Ng6 Bf6 44. g4 Kc7 45. Bf5 Nd6 46. Be6 c4+
47. bxc4 bxc4+ 48. Kc2 Kb6 49. Nf8 Bxh4 50. Nd7+ Ka5 51. Kc3 Be1+ 52. Kc2 Kb4
53. Nb8 a5 54. Nc6+ Ka3 55. Kb1 Nb5 56. Ne5 Kb4 57. Nc6+ Kc5 58. Kb2 Nc7 59.
Ne7 Bh4 60. Nf5 Bf6+ 61. Kc2 Nxd5 62. Bxd5 Kxd5 63. Ne3+ Kc5 64. Nf5 Be5 65.
Ne3 Kd4 66. Nf5+ Ke4 67. Kd2 Kf4 68. Ne3 c3+ 69. Kd3 g6 70. Ke2 Bd4 71. Nc2 Bc5
0-1

[Event "DVM U20w 2013"]
[Site "Osnabrück GER"]
[Date "2013.12.27"]
[Round "2"]
[White "Koch, Elisabeth"]
[Black "Venjakob, Alina"]
[Result "1-0"]
[Termination "normal"]
[Board "5.2"]
[WhiteElo "1688"]
[BlackElo "1412"]
[WhiteTeam "BSV 63 Chemie Weißensee"]
[BlackTeam "Schachverein Welper 1922 e.V."]
[WhiteFideId "24695068"]
[BlackFideId "12964492"]
[EventCountry "GER"]
[EventRounds "7"]
[EventType "team-swiss"]
[EventDate "2013.12.26"]

1. e4 d5 2. exd5 Nf6 3. d4 Nxd5 4. Nc3 Nxc3 5. bxc3 Bf5 6. Nf3 e6 7. Bd3 Bxd3
8. Qxd3 Nd7 9. O-O Nf6 10. Rb1 Rb8 11. Bg5 c6 12. Ne5 Be7 13. f4 Nd5 14. Bxe7
Nxe7 15. g4 f5 16. Qg3 g6 17. Rbe1 Qd5 18. a3 Rd8 19. Re2 Rd6 20. Rfe1 b6 21.
Nf3 Kd7 22. Ng5 Rf8 23. Nxh7 Rf7 24. Ng5 Rf6 25. Qh4 fxg4 26. Ne4 Rxf4 27. Nxd6
Qxd6 28. Rxe6 Qxe6 29. Rxe6 Kxe6 30. Qe1+ Kd7 31. Qe5 Rf3 32. Qb8 Nc8 33. Qb7+
Kd8 34. Qxc6 g5 35. a4 Rf5 36. d5 Ne7 37. Qa8+ Nc8 38. c4 Rf4 39. Qc6 Rd4 40.
Qf6+ 1-0

[Event "DVM U20w 2013"]
[Site "Osnabrück GER"]
[Date "2013.12.27"]
[Round "2"]
[White "Hütte, Sarah"]
[Black "Greßmann, Hanna"]
[Result "0-1"]
[Termination "normal"]
[Board "5.3"]
[WhiteElo "1305"]
[BlackElo "1537"]
[WhiteTeam "Schachverein Welper 1922 e.V."]
[BlackTeam "BSV 63 Chemie Weißensee"]
[WhiteFideId "12929611"]
[BlackFideId "12930709"]
[EventCountry "GER"]
[EventRounds "7"]
[EventType "team-swiss"]
[EventDate "2013.12.26"]

1. d4 d5 2. Nc3 e6 3. a3 Nf6 4. Bg5 Be7 5. Nf3 Nbd7 6. e3 h6 7. Bh4 O-O 8. Bd3
c5 9. O-O c4 10. Be2 a6 11. a4 Nb6 12. Ne5 Bd7 13. Nxd7 Qxd7 14. Qd2 Qc7 15.
Bg3 Qc6 16. Bf3 Bb4 17. a5 Na4 18. Be5 Nd7 19. Bg3 Bxa5 20. Rab1 Nxc3 21. bxc3
b5 22. Ra1 Bc7 23. Rfb1 Nb6 24. Bxc7 Qxc7 25. Ra2 Na4 26. Be2 Rfb8 27. f3 e5
28. e4 dxe4 29. fxe4 Rd8 30. Qe3 Qa7 31. Rd1 Rd6 32. Kh1 Rad8 33. Qg3 exd4 34.
cxd4 Rxd4 35. Rxd4 Qxd4 36. Qe1 Qd2 37. Qf1 Nc3 38. Ra1 Qxe2 39. Qxe2 Nxe2 40.
h3 Ra8 41. Re1 Nd4 42. c3 Nb3 43. Kg1 a5 44. Re2 a4 45. Ra2 a3 46. Kf2 Nc1 47.
Ra1 a2 0-1

[Event "DVM U20w 2013"]
[Site "Osnabrück GER"]
[Date "2013.12.27"]
[Round "2"]
[White "Kluge, Helene"]
[Black "Marx, Jasmin"]
[Result "0-1"]
[Termination "normal"]
[Board "5.4"]
[WhiteElo "1018"]
[BlackElo "1250"]
[WhiteTeam "BSV 63 Chemie Weißensee"]
[BlackTeam "Schachverein Welper 1922 e.V."]
[WhiteFideId "12983179"]
[BlackFideId "12929620"]
[EventCountry "GER"]
[EventRounds "7"]
[EventType "team-swiss"]
[EventDate "2013.12.26"]

1. e4 d5 2. Nc3 dxe4 3. Nxe4 Qd5 4. Nc3 Qa5 5. Nf3 Nf6 6. d4 c6 7. Bd2 Qb6 8.
Qc1 Bg4 9. Be3 Bxf3 10. gxf3 Qc7 11. Qd2 Nbd7 12. O-O-O O-O-O 13. Bf4 Qa5 14.
a3 e6 15. Ne4 Qxd2+ 16. Rxd2 Be7 17. Bc4 Nb6 18. Bb3 Rd7 19. Rg1 g6 20. Be5
Nxe4 21. fxe4 Rhd8 22. Rgd1 Bg5 23. f4 Bh6 24. Rd3 Rf8 25. d5 exd5 26. exd5
cxd5 27. Bxd5 Nxd5 28. Rxd5 Rxd5 29. Rxd5 f6 30. Bd6 Rd8 31. Rc5+ Kd7 32. Rd5
Kc6 33. c4 Rxd6 34. Rd2 Bxf4 35. b4 Rxd2 36. b5+ Kc5 37. a4 Ra2+ 38. Kd1 Rxa4
39. h3 Bc1 40. Kxc1 Rxc4+ 41. Kd2 f5 42. Ke3 Kxb5 43. h4 a5 44. Kd3 a4 45. Ke3
a3 46. h5 a2 47. hxg6 hxg6 48. Kd3 a1=Q 49. Kd2 Rc3 50. Ke2 Qb2+ 51. Kd1 Rc1#
0-1

[Event "DVM U20w 2013"]
[Site "Osnabrück GER"]
[Date "2013.12.27"]
[Round "2"]
[White "Wilke, Tabea"]
[Black "Evers, Annika"]
[Result "0-1"]
[Termination "normal"]
[Board "6.1"]
[WhiteElo "1748"]
[BlackElo "1780"]
[WhiteTeam "SC 1979 Hattersheim"]
[BlackTeam "SC Leipzig-Lindenau"]
[WhiteFideId "12910015"]
[BlackFideId "24691933"]
[EventCountry "GER"]
[EventRounds "7"]
[EventType "team-swiss"]
[EventDate "2013.12.26"]

1. e4 c5 2. Nc3 Nc6 3. Bb5 e6 4. Bxc6 bxc6 5. f4 d5 6. d3 Rb8 7. Nf3 g6 8. O-O
Bg7 9. f5 exf5 10. exf5 Bxf5 11. Qe1+ Ne7 12. Qh4 Be6 13. Ng5 Nf5 14. Qh3 Nd4
15. Re1 Qe7 16. Nxe6 Nxe6 17. Bf4 Rxb2 18. Bg5 Qd7 19. Na4 Rxc2 20. Rab1 O-O
21. Bh6 Rxa2 22. Bxg7 Kxg7 23. Nc3 Rc2 24. Ne2 Qc7 25. Ng3 Nf4 26. Qg4 h5 27.
Qh4 Nxg2 28. Nxh5+ Kh6 29. Nf6+ Nxh4 0-1

[Event "DVM U20w 2013"]
[Site "Osnabrück GER"]
[Date "2013.12.27"]
[Round "2"]
[White "Spangenberg, Romy"]
[Black "Rosmanitz, Anna"]
[Result "1-0"]
[Termination "normal"]
[Board "6.2"]
[WhiteElo "1788"]
[BlackElo "1631"]
[WhiteTeam "SC Leipzig-Lindenau"]
[BlackTeam "SC 1979 Hattersheim"]
[WhiteFideId "4627997"]
[BlackFideId "12910058"]
[EventCountry "GER"]
[EventRounds "7"]
[EventType "team-swiss"]
[EventDate "2013.12.26"]

1. e4 e5 2. Nf3 Nc6 3. d4 exd4 4. Nxd4 Qf6 5. Be3 Bc5 6. c3 Nge7 7. g3 O-O 8.
Bg2 Ne5 9. Nf5 Bxe3 10. Nxe3 d6 11. O-O Be6 12. Na3 c6 13. c4 Rad8 14. b3 Qh6
15. Nac2 f5 16. exf5 Nxf5 17. Nxf5 Rxf5 18. Nd4 Rf6 19. Nxe6 Rxe6 20. Re1 Rde8
21. Re3 Qf6 22. Rc1 Rf8 23. Rc2 Qf7 24. f4 Ng4 25. Rxe6 Qxe6 26. Qe2 Qf5 27.
Bh3 Qc5+ 28. Kh1 Nf6 29. Rd2 Re8 30. Be6+ Kf8 31. f5 d5 32. cxd5 Nxd5 33. Qc4
Qe3 34. Qe2 Qb6 35. Qh5 Re7 36. Qxh7 Rxe6 37. fxe6 Qe3 38. Qf5+ Nf6 39. Rf2
Qe1+ 40. Kg2 Qc3 41. Qg6 Ke7 42. Qxg7+ Kxe6 43. Qxf6+ Qxf6 44. Rxf6+ Kxf6 45.
Kf3 Kf5 46. h4 b5 47. g4+ Kg6 48. Ke4 Kf6 49. g5+ Ke6 50. h5 c5 51. h6 Kf7 52.
Kd5 1-0